000
00265nam a2200109Ia 4500
008
220204s9999 xx 000 0 und d
082
_a
339.138
_b
STA
100
_a
Stapleton, John
245
0
_a
Marketing
260
_a
London
_b
Hodder and Stoughton
_c
1975
942
_c
BK
999
_c
35258
_d
35258